Zapovedniki i nacional´nyje parki mira : kratkij spravočnik /

Uložené v:
Podrobná bibliografia
Hlavní autori: Belousova, Ljudmila Sergejevna (Author), Borisov, V. A. (Author), Vinokurov, A. A. (Author)
Ďalší autori: Šapošnikov, L. K. (Editor)
Médium: Kniha
Jazyk:Russian
Vydané: Moskva : Nauka, 1969.
Fyzický popis: 238 s. : il., mapy.
Tagy: Pridať tag
Žiadne tagy, Buďte prvý kto otaguje tento záznam!

MARC

LEADER 00000nam a22000002a 4500
001 000178708
005 20091014201632.0
008 090527s1969 ru er rus d
040 |a SVKKK  |b slo  |c SVKKK  |e AACR2 
041 0 |a rus 
044 |a ru  |c RU 
100 1 |a Belousova, Ljudmila Sergejevna  |4 aut 
245 1 0 |a Zapovedniki i nacional´nyje parki mira :  |b kratkij spravočnik /  |c L. S. Belousova, V. A. Borisov, A. A. Vinokurov ; pod red. L. K. Šapošnikova. 
260 |a Moskva :  |b Nauka,  |c 1969. 
300 |a 238 s. :  |b il., mapy. 
504 |a Obsahuje bibliografiu 
700 1 |a Borisov, V. A.  |4 aut 
700 1 |a Vinokurov, A. A.  |4 aut 
700 1 |a Šapošnikov, L. K.  |4 edt 
910 |a svkkk 
998 |a BK 
090 |g SCKHL  |k Sklad Pribinova 2. posch.  |a II.178634  |i 2720185134  |s Absenčne